00490nam a2200145Ia 4500008004100000041000800041082001200049100002000061245004500081260004200126300003000168365000900198999001700207952012000224240624s9999 xx 000 0 und d aeng a332 STE aSTEPHENS JOHN J aMANAGING INTEREST RATE RISK USING FINANC c2002aNew JerseybJohn Wiley and Sons axv, : 184 : p. : cm. ; 25 cb30 c16405d16405 00104070aIMTNbIMTNcRack 9-Ad2011-01-05eBBg130.00o332 STEp16405r2024-06-24 00:00:00t47.4w2024-06-24yBK